000 01200nam a22003617a 4500
003 CHAP
005 20240521113021.0
008 110428s2010 it rn 00010 eng d
010 _a101067
011 _a102039
020 _a9789251065341
035 _a112727
040 _cCHAP
082 0 4 _a333.953
_bF21y
110 2 _aFAO
245 1 0 _aSecond report on the state of the world<U+2019>s :
_bplant genetic resources for food and agriculture
_c/por FAO
260 _aRome :
_bFAO,
_c2010
300 _axxiv, 370 p. :
_bilus., gráfs., tablas
590 _aBATCH-UPD
_b10
_c20130110
590 _aBATCH-UPD
_b10
_c20130410
590 _aBATCH-UPD
_b10
_c20130914
590 _aCONVERSION
_b10
_c20130109
650 1 4 _aCultivos
_xMejoramiento.
_930293
650 1 4 _aGermoplasma.
_947766
650 1 4 _aPlantas
_xColección y preservación.
650 1 4 _aPolítica alimentaria.
_990389
650 1 4 _aRecursos genéticos vegetales.
_995086
650 1 4 _aRecursos vegetales.
_995337
710 2 2 _aCommission on Genetic Resources for Food and Agriculture.
_925938
901 _aBK
942 _cLIBRO
_2ddc
949 _a333.953 F21y
_bBC
_cFAO
_d33724002256835
_eFAO1
_gDonaciØn
_h114754
_i112727
_sb
999 _c101067
_d101067